000
00339nam a2200133Ia 4500
008
240624s9999 xx 000 0 und d
041
_a
eng
082
_a
828 MAC
100
_a
MACUR JULIET
245
_a
CYCLE OF LIES THE FALL OF LANCE ARMSTRON
260
_c
2014
_a
London
_b
William Collins
300
_a
459 : p. : cm. ; 20
365
_c
RS
999
_c
24685
_d
24685